| 000 | 00318nam a2200133 i 4500 | ||
|---|---|---|---|
| 001 | bg | ||
| 100 | 1 | _aODEN, John Tinsley | |
| 245 | 0 |
_aFinite elements of nonlinear continua / _cJ.T. Oden. |
|
| 260 |
_aNew York, _c1972. |
||
| 040 | _cBPK | ||
| 041 | _apol | ||
| 942 | _cKS | ||
| 008 | s pl f |000 0 pol | ||
| 999 |
_c15659 _d15659 |
||
| 856 |
_uhttp://koha.tu.koszalin.pl/cgi-bin/koha/opac-detail.pl?biblionumber=15659 _yKatalog online BPK |
||